[Event "132nd YMCA Autumn D-bis"]
[Site "Warszawa"]
[Date "2013.09.16"]
[Round "1"]
[White "Borowski, Marek"]
[Black "Jankowski, Maciej"]
[Result "1-0"]
[WhiteElo "1529"]
[BlackElo "1393"]
[PlyCount "107"]
[EventDate "2013.09.16"]
[EventType "tourn"]
[EventRounds "2"]
[EventCountry "POL"]
[SourceDate "2013.09.16"]

1. d4 d5 2. Nf3 Nf6 3. c4 e6 4. Nc3 c5 5. e3 Nc6 6. Bd3 dxc4 7. Bxc4 cxd4 8.
exd4 Bb4 9. O-O O-O 10. Bg5 h6 11. Bh4 g5 12. Bg3 Bxc3 13. bxc3 Ne4 14. Qc2
Nxg3 15. hxg3 b6 16. Rad1 Qc7 17. Rfe1 Bb7 18. d5 Na5 19. Bb3 Nxb3 20. axb3
Bxd5 21. Ne5 Rac8 22. c4 Qb7 23. f3 b5 24. Qe2 bxc4 25. bxc4 Qb6+ 26. Kh2 Bc6
27. Ng4 Kh7 28. Nf6+ Kg6 29. Qe5 Qc7 30. Rd6 Qe7 31. Ng4 Rfd8 32. Rxc6 Rxc6 33.
Qe4+ f5 34. Qxc6 Rd6 35. Ne5+ Kf6 36. Qc5 h5 37. Ra1 a6 38. f4 h4 39. fxg5+
Kxg5 40. gxh4+ Kh5 41. Nf3 e5 42. Rxa6 Re6 43. Qc8 Rxa6 44. Qxa6 e4 45. Qb5 Kg4
46. Ne5+ Kh5 47. g4+ Kh6 48. Qc6+ Kg7 49. Qg6+ Kf8 50. Qxf5+ Ke8 51. Qc8+ Qd8
52. Qxd8+ Kxd8 53. Kg3 Ke7 54. Kf4 1-0

[Event "132nd YMCA Autumn D-bis"]
[Site "Warszawa"]
[Date "2013.09.17"]
[Round "1"]
[White "Gajewski, Wojciech"]
[Black "Golecka, Jadwiga"]
[Result "1-0"]
[WhiteElo "1482"]
[BlackElo "1088"]
[PlyCount "55"]
[EventDate "2013.09.16"]
[EventType "tourn"]
[EventRounds "2"]
[EventCountry "POL"]
[SourceDate "2013.09.16"]

1. Nf3 Nf6 2. g3 g6 3. Bg2 Bg7 4. O-O O-O 5. d3 d6 6. e4 Nbd7 7. Nc3 Nb6 8. a4
a5 9. h3 d5 10. e5 Nfd7 11. Qe2 Re8 12. e6 Nc5 13. exf7+ Kxf7 14. Ng5+ Kg8 15.
f4 e5 16. fxe5 Bxe5 17. Qf2 Qe7 18. d4 Bd6 19. Bxd5+ Be6 20. Nxe6 Nxe6 21. Bh6
c5 22. Rae1 Nxd5 23. Nxd5 Qd8 24. Rxe6 Bf8 25. Rxe8 Qd6 26. Rxf8+ Rxf8 27.
Qxf8+ Qxf8 28. Rxf8# 1-0

[Event "132nd YMCA Autumn D-bis"]
[Site "Warszawa"]
[Date "2013.09.16"]
[Round "1"]
[White "Bubien, Antoni"]
[Black "Czorniej, Antonina"]
[Result "0-1"]
[WhiteElo "1483"]
[BlackElo "1489"]
[PlyCount "48"]
[EventDate "2013.09.16"]
[EventType "tourn"]
[EventRounds "2"]
[EventCountry "POL"]
[SourceDate "2013.09.16"]

1. e4 c6 2. d4 d5 3. e5 Bf5 4. Nc3 e6 5. g4 Bg6 6. h4 h5 7. Bg5 c5 8. Be3 Nc6
9. Nge2 cxd4 10. Nxd4 Nxe5 11. Bb5+ Nd7 12. Bd3 Ne7 13. Ncb5 Qb8 14. Bxg6 Nxg6
15. Qd3 a6 16. Na3 Bb4+ 17. Bd2 Qe5+ 18. Qe3 Qxe3+ 19. fxe3 Bxa3 20. bxa3 Rc8
21. Rb1 b5 22. a4 bxa4 23. Rb4 Nc5 24. c4 Nd3+ 0-1

[Event "132nd YMCA Autumn D-bis"]
[Site "Warszawa"]
[Date "2013.09.23"]
[Round "2"]
[White "Czorniej, Antonina"]
[Black "Markiewicz, Janusz"]
[Result "1/2-1/2"]
[WhiteElo "1489"]
[BlackElo "1408"]
[Annotator "Admin"]
[PlyCount "110"]
[EventDate "2013.09.16"]
[EventType "tourn"]
[EventRounds "2"]
[EventCountry "POL"]
[SourceDate "2013.09.16"]

1. d4 e5 2. dxe5 Qe7 3. Nf3 Nc6 4. Bf4 Qb4+ 5. Bd2 Qxb2 6. Nc3 Nb4 7. Nd4 Bc5
8. Rb1 Qa3 9. Ndb5 Qa5 10. Nd5 c6 11. Nxb4 cxb5 12. Nd5 b4 13. Nxb4 Bxb4 14.
Bxb4 Qxe5 15. e3 a5 16. Bd2 Ne7 17. Rb5 Qc7 18. Bd3 O-O 19. O-O b6 20. Qh5 Ng6
21. f4 Ba6 22. Rg5 Bxd3 23. cxd3 Qc2 24. Be1 Qxd3 25. f5 h6 26. Rg3 Kh7 27. e4
Qxe4 28. fxg6+ fxg6 29. Qg4 Rxf1+ 30. Kxf1 Qf5+ 31. Qxf5 gxf5 32. Rd3 Ra7 33.
a4 Rc7 34. Bf2 Rc4 35. Bxb6 Rxa4 36. Rxd7 Rf4+ 37. Ke2 a4 38. Rd4 Rxd4 39. Bxd4
f4 40. Kf3 g5 41. Kg4 Kg6 42. Bc3 a3 43. Bd4 a2 44. Bc3 h5+ 45. Kf3 Kf5 46. Bd4
g4+ 47. Ke2 Ke4 48. Bb2 h4 49. Bc3 f3+ 50. gxf3+ gxf3+ 51. Kf2 h3 52. Bh8 Kf4
53. Bg7 Ke4 54. Bh8 Kf4 55. Bg7 Ke4 $11 1/2-1/2

[Event "132nd YMCA Autumn D-bis"]
[Site "Warszawa"]
[Date "2013.10.01"]
[Round "2"]
[White "Golecka, Jadwiga"]
[Black "Bubien, Antoni"]
[Result "0-1"]
[WhiteElo "1088"]
[BlackElo "1483"]
[PlyCount "120"]
[EventDate "2013.09.16"]
[EventType "tourn"]
[EventRounds "2"]
[EventCountry "POL"]
[SourceDate "2013.09.16"]

1. e4 c5 2. Nf3 d6 3. d4 cxd4 4. Nxd4 Nf6 5. Nc3 g6 6. Bg5 Bg7 7. Bc4 O-O 8.
O-O Nxe4 9. Bxf7+ Rxf7 10. Nxe4 Qb6 11. Nb3 Bxb2 12. Rb1 Bg7 13. Qd2 Qc6 14.
Rfe1 Bf5 15. Nd4 Bxd4 16. Qxd4 e5 17. Qxd6 Bxe4 18. Qxe5 Bf5 19. Bh6 Na6 20.
Rbc1 Nc7 21. Be3 Re8 22. Qb2 Rfe7 23. Qb3+ Qd5 24. Qa3 Be4 25. f3 Bf5 26. Bf2
Rxe1+ 27. Rxe1 Rxe1+ 28. Bxe1 Nb5 29. Qb2 Qd4+ 30. Qxd4 Nxd4 31. c4 Bb1 32. a4
Kf7 33. Kf2 Ke6 34. Ke3 Nc2+ 35. Kd2 Nxe1 36. Kxe1 Kd6 37. Kd2 Kc5 38. Kc3 Ba2
39. g4 Bxc4 40. f4 Be6 41. g5 Bf5 42. h4 b6 43. Kb3 Kd4 44. Kb4 a6 45. Kb3 Ke4
46. Kc4 Kxf4 47. Kd5 Bd7 48. a5 bxa5 49. Kc5 a4 50. Kb4 a5+ 51. Ka3 Kg4 52. Ka2
Kxh4 53. Ka1 Kxg5 54. Kb2 h5 55. Kc2 h4 56. Kd2 h3 57. Ke2 h2 58. Kd3 h1=Q 59.
Kd4 Qf3 60. Ke5 a3 0-1

[Event "132nd YMCA Autumn D-bis"]
[Site "Warszawa"]
[Date "2013.09.23"]
[Round "2"]
[White "Borowski, Marek"]
[Black "Gajewski, Wojciech"]
[Result "0-1"]
[WhiteElo "1529"]
[BlackElo "1482"]
[PlyCount "178"]
[EventDate "2013.09.16"]
[EventType "tourn"]
[EventRounds "2"]
[EventCountry "POL"]
[SourceDate "2013.09.16"]

1. d4 Nf6 2. Nf3 d6 3. g3 g6 4. Bg2 Bg7 5. O-O O-O 6. c4 Nc6 7. d5 Na5 8. Qa4
c5 9. Bd2 b6 10. Bxa5 bxa5 11. Nc3 Bf5 12. Rfe1 Ne4 13. Rac1 Rb8 14. Nh4 Nxc3
15. bxc3 Bd7 16. Qc2 a4 17. e4 Qa5 18. f4 a3 19. e5 Rb2 20. Qd3 Rxa2 21. e6
fxe6 22. dxe6 Ba4 23. Nxg6 hxg6 24. Qxg6 Rxg2+ 25. Kxg2 Bc6+ 26. Kg1 Qc7 27.
Re3 Bb7 28. Kf2 Qc6 29. Rg1 a2 30. Ke2 Qg2+ 31. Rxg2 Bxg2 32. Kf2 a1=Q 33. Kxg2
Qc1 34. Rf3 Qd2+ 35. Rf2 Qxc3 36. f5 Qf6 37. Qg4 a5 38. h4 a4 39. h5 a3 40. Qe4
a2 41. Rxa2 Qxf5 42. Qe2 Bd4 43. Ra7 Qg5 44. Qd1 Rf2+ 45. Kh3 Qf5+ 46. Qg4+
Qxg4+ 47. Kxg4 Bf6 48. Ra6 Kg7 49. Ra8 Re2 50. Kf3 Rxe6 51. g4 Bg5 52. Ra4 Re3+
53. Kf2 Re5 54. Kf3 Kh6 55. Ra8 Bf6 56. Rg8 Rg5 57. Re8 Re5 58. Rg8 Re1 59.
Rg6+ Kh7 60. g5 Bg7 61. Kf4 Re5 62. Kf3 e6 63. Kf4 Bf8 64. Rf6 Re1 65. Kg4 Bg7
66. Rf7 Kg8 67. Rd7 Re4+ 68. Kf3 Rd4 69. g6 Rh4 70. Rxd6 Rxh5 71. Rxe6 Bd4 72.
Kg4 Re5 73. Ra6 Kg7 74. Kf4 Re1 75. Kf5 Rf1+ 76. Ke4 Rf6 77. Ra8 Kxg6 78. Re8
Kf7 79. Ra8 Re6+ 80. Kd5 Re5+ 81. Kc6 Kf6 82. Rf8+ Kg5 83. Kb5 Rf5 84. Rd8 Kf4
85. Rd5 Rxd5 86. cxd5 Ke5 87. Kc6 c4 88. d6 Bb6 89. d7 Bd8 0-1

[Event "132nd YMCA Autumn D-bis"]
[Site "Warszawa"]
[Date "2013.09.27"]
[Round "3"]
[White "Gajewski, Wojciech"]
[Black "Jankowski, Maciej"]
[Result "1-0"]
[WhiteElo "1482"]
[BlackElo "1393"]
[PlyCount "55"]
[EventDate "2013.09.16"]
[EventType "tourn"]
[EventRounds "2"]
[EventCountry "POL"]
[SourceDate "2013.09.16"]

1. g3 d5 2. Bg2 e5 3. d3 Nf6 4. Nf3 Bd6 5. Nbd2 O-O 6. e4 d4 7. O-O Bg4 8. Nc4
c5 9. h3 Bxf3 10. Bxf3 Nc6 11. Nxd6 Qxd6 12. Bg2 b5 13. f4 Rfe8 14. f5 c4 15.
g4 h6 16. h4 Nh7 17. g5 hxg5 18. hxg5 a5 19. Kf2 Qd8 20. Qh5 g6 21. fxg6 fxg6
22. Qxg6+ Kh8 23. Qxc6 Rf8+ 24. Bf3 Rc8 25. Qh6 cxd3 26. g6 Rxc2+ 27. Kg3 Rg8
28. Qxh7# 1-0

[Event "132nd YMCA Autumn D-bis"]
[Site "Warszawa"]
[Date "2013.09.30"]
[Round "3"]
[White "Bubien, Antoni"]
[Black "Borowski, Marek"]
[Result "1/2-1/2"]
[WhiteElo "1483"]
[BlackElo "1529"]
[PlyCount "175"]
[EventDate "2013.09.16"]
[EventType "tourn"]
[EventRounds "2"]
[EventCountry "POL"]
[SourceDate "2013.09.16"]

1. e4 e6 2. d4 d5 3. Nc3 Bb4 4. a3 Bxc3+ 5. bxc3 dxe4 6. Qg4 Qf6 7. Qxe4 Ne7 8.
Nf3 Nbc6 9. Bd3 Bd7 10. O-O Qg6 11. Qf4 Qh5 12. Qxc7 Nd5 13. Qg3 Nxc3 14. Bd2
Nd5 15. c4 Nde7 16. Rfb1 b6 17. Rb5 f5 18. d5 Nd8 19. Rbb1 O-O 20. Qd6 Qe8 21.
Ne5 Bc8 22. Bb4 a5 23. Qxe7 axb4 24. Qxe8 Rxe8 25. Rxb4 exd5 26. Nf3 dxc4 27.
Bxc4+ Be6 28. Nd2 Bxc4 29. Nxc4 Re4 30. f3 Rd4 31. Nxb6 Rxb4 32. Nxa8 Rb7 33.
a4 Ne6 34. a5 Nc5 35. Nb6 Kf7 36. Rb1 Ke8 37. Rb5 Nd7 38. Rxf5 Nxb6 39. axb6
Rxb6 40. Kf2 Ke7 41. g4 g6 42. Re5+ Kf6 43. Re8 g5 44. Kg3 Rb3 45. Rf8+ Kg7 46.
Rf5 Kg6 47. h4 h6 48. hxg5 hxg5 49. Kf2 Ra3 50. Re5 Ra2+ 51. Re2 Ra3 52. Re3
Ra2+ 53. Kg3 Ra4 54. Re1 Ra3 55. Rf1 Rb3 56. Kg2 Rb2+ 57. Rf2 Rb4 58. Rd2 Ra4
59. Kf2 Ra3 60. Ke2 Rb3 61. Rd3 Rb2+ 62. Ke3 Rb4 63. Rd4 Rb1 64. f4 gxf4+ 65.
Kxf4 Rf1+ 66. Kg3 Kg5 67. Rd5+ Kg6 68. Rd2 Kg5 69. Rd5+ Kg6 70. Kg2 Rf4 71. Kh3
Rf3+ 72. Kh4 Rf1 73. Rd6+ Kg7 74. Kg5 Rg1 75. Rd7+ Kg8 76. Kh5 Rh1+ 77. Kg6 Kf8
78. g5 Rg1 79. Rd5 Rg2 80. Rf5+ Kg8 81. Kf6 Ra2 82. g6 Ra6+ 83. Kg5 Ra1 84. Re5
Rg1+ 85. Kf6 Rf1+ 86. Rf5 Rxf5+ 87. Kxf5 Kg7 88. Kg5 1/2-1/2

[Event "132nd YMCA Autumn D-bis"]
[Site "Warszawa"]
[Date "2013.10.09"]
[Round "4"]
[White "Jankowski, Maciej"]
[Black "Czorniej, Antonina"]
[Result "0-1"]
[WhiteElo "1393"]
[BlackElo "1489"]
[PlyCount "78"]
[EventDate "2013.09.16"]
[EventType "tourn"]
[EventRounds "2"]
[EventCountry "POL"]
[SourceDate "2013.09.16"]

1. d4 Nf6 2. Bg5 g6 3. Nf3 Bg7 4. Nc3 O-O 5. e4 d6 6. h3 h6 7. Bxf6 Bxf6 8. Qd2
Bg7 9. Bc4 Nc6 10. Nh4 Kh7 11. Nf3 e5 12. d5 Ne7 13. O-O-O a6 14. g4 b5 15. Bd3
c5 16. dxc6 Nxc6 17. Bf1 Nd4 18. Nxd4 exd4 19. Ne2 d5 20. Bg2 Bb7 21. exd5 Bxd5
22. Bxd5 Qxd5 23. Kb1 Rfd8 24. Qd3 Qc4 25. h4 Qxd3 26. Rxd3 Ra7 27. Rhd1 Re7
28. Nc1 b4 29. c3 bxc3 30. bxc3 Rb8+ 31. Nb3 dxc3 32. Kc1 Re2 33. Rf3 Rxa2 34.
Rxf7 Rxb3 35. Rdd7 Ra1+ 36. Kc2 Rb2+ 37. Kd3 Rd2+ 38. Kc4 Rxd7 39. Rxd7 c2 0-1

[Event "132nd YMCA Autumn D-bis"]
[Site "Warszawa"]
[Date "2013.10.07"]
[Round "4"]
[White "Borowski, Marek"]
[Black "Markiewicz, Janusz"]
[Result "1-0"]
[WhiteElo "1529"]
[BlackElo "1408"]
[PlyCount "83"]
[EventDate "2013.09.16"]
[EventType "tourn"]
[EventRounds "2"]
[EventCountry "POL"]
[SourceDate "2013.09.16"]

1. d4 e5 2. dxe5 Nc6 3. Nf3 Qe7 4. Qd5 Nb4 5. Qb3 Nc6 6. Bf4 Na5 7. Qc3 Nc6 8.
a3 b6 9. Nbd2 Bb7 10. O-O-O d5 11. exd6 cxd6 12. Nc4 Qf6 13. Qe3+ Ne5 14. Nfxe5
dxe5 15. Bxe5 Qe6 16. Nd6+ Bxd6 17. Rxd6 Qa2 18. Bxg7+ Ne7 19. Bxh8 Bd5 20. Bf6
Be6 21. Bxe7 Kxe7 22. Rd4 Qa1+ 23. Kd2 Qxb2 24. Qc3 Qa2 25. Qc7+ Kf6 26. Qf4+
Kg7 27. Qg5+ Kf8 28. Rd8+ Rxd8+ 29. Qxd8+ Kg7 30. Qd4+ f6 31. e4 Qxa3 32. Bd3
Qa5+ 33. Ke2 Qh5+ 34. f3 Qg5 35. g3 Qh5 36. Qd6 Qh3 37. Rf1 Qxh2+ 38. Rf2 Qh3
39. g4 Bxg4 40. fxg4 Qxg4+ 41. Kf1 Qd1+ 42. Kg2 1-0

[Event "132nd YMCA Autumn D-bis"]
[Site "Warszawa"]
[Date "2013.10.07"]
[Round "4"]
[White "Gajewski, Wojciech"]
[Black "Bubien, Antoni"]
[Result "1-0"]
[WhiteElo "1482"]
[BlackElo "1483"]
[PlyCount "39"]
[EventDate "2013.09.16"]
[EventType "tourn"]
[EventRounds "2"]
[EventCountry "POL"]
[SourceDate "2013.09.16"]

1. f4 d5 2. Nf3 Nc6 3. g3 Nf6 4. Bg2 Be6 5. O-O Qd7 6. Re1 Bh3 7. Bh1 e6 8. d3
O-O-O 9. c3 Bd6 10. Qa4 Kb8 11. b4 Ne7 12. Qxd7 Rxd7 13. Ng5 Bg4 14. Nxf7 Rf8
15. Nxd6 Rxd6 16. Nd2 d4 17. c4 Nf5 18. Nf1 h5 19. b5 b6 20. Ba3 1-0

[Event "132nd YMCA Autumn D-bis"]
[Site "Warszawa"]
[Date "2013.09.23"]
[Round "5"]
[White "Bubien, Antoni"]
[Black "Jankowski, Maciej"]
[Result "0-1"]
[WhiteElo "1483"]
[BlackElo "1393"]
[PlyCount "62"]
[EventDate "2013.09.16"]
[EventType "tourn"]
[EventRounds "2"]
[EventCountry "POL"]
[SourceDate "2013.09.16"]

1. e4 c5 2. Nf3 Nf6 3. Nc3 Nc6 4. d4 cxd4 5. Nxd4 e5 6. Nxc6 bxc6 7. Bc4 Bb7 8.
O-O d5 9. exd5 cxd5 10. Bb5+ Ke7 11. Re1 e4 12. Qd4 Qd6 13. Ne2 Qb6 14. Qe5+
Kd8 15. Nd4 Bc5 16. Be3 Bxd4 17. Bxd4 Qxb5 18. Qd6+ Qd7 19. Bxf6+ gxf6 20.
Qxf6+ Kc7 21. Re3 Raf8 22. Rc3+ Bc6 23. Ra3 Kb7 24. Qd4 Ka8 25. Re1 f6 26. Ree3
Rf7 27. Ra5 Rg8 28. Rc3 Rc8 29. Ra6 Qb7 30. Rca3 Qb8 31. Rc3 Qxb2 0-1

[Event "132nd YMCA Autumn D-bis"]
[Site "Warszawa"]
[Date "2013.10.04"]
[Round "5"]
[White "Markiewicz, Janusz"]
[Black "Gajewski, Wojciech"]
[Result "0-1"]
[WhiteElo "1408"]
[BlackElo "1482"]
[PlyCount "112"]
[EventDate "2013.09.16"]
[EventType "tourn"]
[EventRounds "2"]
[EventCountry "POL"]
[SourceDate "2013.09.16"]

1. e4 g6 2. d4 Bg7 3. c3 d6 4. Bc4 e6 5. Nf3 h6 6. O-O Ne7 7. Bf4 Nd7 8. Nbd2
a6 9. Bg3 Nf6 10. e5 Nh5 11. exd6 cxd6 12. Qc2 Nxg3 13. hxg3 Bd7 14. Rae1 O-O
15. Kh2 Rc8 16. Bd3 Nd5 17. a3 b5 18. Qb1 Nf6 19. Rh1 Qb6 20. Kg1 e5 21. dxe5
Ng4 22. Re2 dxe5 23. Nh2 a5 24. Nxg4 Bxg4 25. Re3 h5 26. Qe1 Rcd8 27. Nf3 Bh6
28. Nxe5 Bxe3 29. Nxg4 hxg4 30. Bxb5 Bxf2+ 31. Qxf2 Rd1+ 32. Bf1 Qxf2+ 33. Kxf2
Rd2+ 34. Ke3 Rxb2 35. Bc4 Rxg2 36. Kf4 Rc2 37. a4 Rxc3 38. Bb5 f5 39. Rd1 Kg7
40. Rd5 Kh6 41. Rd3 Rxd3 42. Bxd3 Rd8 43. Bb5 Rd4+ 44. Ke3 Rb4 45. Bd7 Kg7 46.
Bb5 Kf6 47. Kf2 g5 48. Ke3 Ke5 49. Bd7 f4+ 50. gxf4+ gxf4+ 51. Kf2 g3+ 52. Kg2
Ke4 53. Bc6+ Ke3 54. Bb5 Rb2+ 55. Kg1 f3 56. Bf1 Rb1 0-1

[Event "132nd YMCA Autumn D-bis"]
[Site "Warszawa"]
[Date "2013.10.04"]
[Round "5"]
[White "Czorniej, Antonina"]
[Black "Golecka, Jadwiga"]
[Result "1-0"]
[WhiteElo "1489"]
[BlackElo "1088"]
[PlyCount "73"]
[EventDate "2013.09.16"]
[EventType "tourn"]
[EventRounds "2"]
[EventCountry "POL"]
[SourceDate "2013.09.16"]

1. d4 Nf6 2. c4 g6 3. g3 Bg7 4. Bg2 O-O 5. Nc3 d6 6. Nf3 c5 7. d5 e6 8. O-O Re8
9. Nd2 Nbd7 10. dxe6 Rxe6 11. Rb1 Rb8 12. Nde4 Ne5 13. Nxc5 Re7 14. b3 b6 15.
N5e4 Re6 16. Bg5 Bb7 17. Bh3 Bxe4 18. Nxe4 Re8 19. Nxd6 Re7 20. Ne4 Ned7 21.
Qc2 Qe8 22. Bxd7 Rxd7 23. Nxf6+ Bxf6 24. Bxf6 Qe6 25. Qb2 Rd6 26. Be5 Rbd8 27.
Bxd6 Rxd6 28. Rbd1 Rxd1 29. Rxd1 f6 30. Rd8+ Kg7 31. Qd2 Qe5 32. Qd7+ Kh6 33.
Qh3+ Kg7 34. Rd7+ Kf8 35. Qxh7 Qa1+ 36. Kg2 f5 37. Qf7# 1-0

[Event "132nd YMCA Autumn D-bis"]
[Site "Warszawa"]
[Date "2013.10.29"]
[Round "6"]
[White "Jankowski, Maciej"]
[Black "Golecka, Jadwiga"]
[Result "1-0"]
[WhiteElo "1393"]
[BlackElo "1088"]
[PlyCount "51"]
[EventDate "2013.09.16"]
[EventType "tourn"]
[EventRounds "2"]
[EventCountry "POL"]
[SourceDate "2013.09.16"]

1. d4 Nf6 2. Bg5 Ne4 3. Bf4 e6 4. e3 Nc6 5. f3 Nd6 6. e4 Qf6 7. Be3 Qg6 8. Nh3
e5 9. d5 Na5 10. Nd2 f5 11. b4 fxe4 12. bxa5 exf3 13. Qxf3 Nf7 14. Bd3 Qd6 15.
O-O Nd8 16. Ne4 Qa3 17. Qh5+ g6 18. Qxe5+ Qe7 19. Nf6+ Kf7 20. Ng5+ Kg7 21.
Ne8+ Kg8 22. Rxf8+ Qxf8 23. Bd4 Nf7 24. Nxf7 Kxf7 25. Rf1+ Kg8 26. Qxh8# 1-0

[Event "132nd YMCA Autumn D-bis"]
[Site "Warszawa"]
[Date "2013.10.23"]
[Round "6"]
[White "Borowski, Marek"]
[Black "Czorniej, Antonina"]
[Result "0-1"]
[WhiteElo "1529"]
[BlackElo "1489"]
[PlyCount "74"]
[EventDate "2013.09.16"]
[EventType "tourn"]
[EventRounds "2"]
[EventCountry "POL"]
[SourceDate "2013.09.16"]

1. e4 c6 2. d4 d5 3. e5 Bf5 4. Nc3 e6 5. g4 Bg6 6. Nge2 c5 7. h4 cxd4 8. Nxd4
h5 9. Bb5+ Nd7 10. g5 a6 11. Bxd7+ Qxd7 12. Nce2 Bc5 13. Nf4 Ne7 14. Be3 Qc7
15. Nxg6 Nxg6 16. f4 Bxd4 17. Bxd4 Nxf4 18. Qf3 Ng6 19. Qe2 Rc8 20. c3 Ne7 21.
O-O-O g6 22. Rhf1 Nf5 23. Rxf5 gxf5 24. Kb1 Qc4 25. Qf3 Kd7 26. Rg1 a5 27. Rd1
b5 28. b3 Qc6 29. Qe2 b4 30. c4 dxc4 31. bxc4 Ke7 32. Qd2 Rhd8 33. Kb2 Qxc4 34.
Qf2 a4 35. Kb1 b3 36. a3 Qc2+ 37. Qxc2 bxc2+ 0-1

[Event "132nd YMCA Autumn D-bis"]
[Site "Warszawa"]
[Date "2013.10.21"]
[Round "6"]
[White "Bubien, Antoni"]
[Black "Markiewicz, Janusz"]
[Result "0-1"]
[WhiteElo "1483"]
[BlackElo "1408"]
[PlyCount "44"]
[EventDate "2013.09.16"]
[EventType "tourn"]
[EventRounds "2"]
[EventCountry "POL"]
[SourceDate "2013.09.16"]

1. e4 e5 2. f4 d5 3. Nf3 Bg4 4. Nc3 dxe4 5. Nxe4 exf4 6. Qe2 Be7 7. Nc5 b6 8.
Nb3 Nf6 9. h3 Bh5 10. d4 O-O 11. Bxf4 Re8 12. O-O-O Nd5 13. Bd2 Bh4 14. Qd3 Bg6
15. Qc4 Bg3 16. Bd3 a6 17. Bxg6 hxg6 18. Be1 Bf4+ 19. Bd2 b5 20. Qd3 Bg3 21. h4
Nf4 22. Qc3 Ne2+ 0-1

[Event "132nd YMCA Autumn D-bis"]
[Site "Warszawa"]
[Date "2013.10.28"]
[Round "7"]
[White "Markiewicz, Janusz"]
[Black "Jankowski, Maciej"]
[Result "0-1"]
[WhiteElo "1408"]
[BlackElo "1393"]
[PlyCount "88"]
[EventDate "2013.09.16"]
[EventType "tourn"]
[EventRounds "2"]
[EventCountry "POL"]
[SourceDate "2013.09.16"]

1. e4 c5 2. b4 cxb4 3. a3 bxa3 4. Nxa3 g6 5. Bb2 Nf6 6. e5 Ne4 7. f3 Qb6 8.
fxe4 Qxb2 9. Nc4 Qd4 10. Bd3 Bg7 11. Nf3 Qc5 12. Ra5 Qc7 13. Nd4 b6 14. Nb5 Qd8
15. Rxa7 Rxa7 16. Nxa7 Ba6 17. Qb1 Bxc4 18. Bxc4 Bxe5 19. Nb5 Nc6 20. O-O e6
21. c3 Na5 22. Bd3 Qh4 23. h3 O-O 24. Rf3 Qe7 25. Be2 d5 26. d4 dxe4 27. Qxe4
Bg7 28. Bd3 Rc8 29. h4 f5 30. Qe1 Ra8 31. Re3 Kf7 32. h5 Nb3 33. hxg6+ hxg6 34.
Qg3 Bf6 35. Nd6+ Kf8 36. Bc4 Ra1+ 37. Kh2 Qh7+ 38. Qh3 Qxh3+ 39. gxh3 Nd2 40.
Rxe6 Bg5 41. Rxg6 Bf4+ 42. Kg2 Be3 43. Re6 Rg1+ 44. Kh2 Nf3# 0-1

[Event "132nd YMCA Autumn D-bis"]
[Site "Warszawa"]
[Date "2013.10.30"]
[Round "7"]
[White "Czorniej, Antonina"]
[Black "Gajewski, Wojciech"]
[Result "1-0"]
[WhiteElo "1489"]
[BlackElo "1482"]
[PlyCount "79"]
[EventDate "2013.09.16"]
[EventType "tourn"]
[EventRounds "2"]
[EventCountry "POL"]
[SourceDate "2013.09.16"]

1. d4 g6 2. c4 Bg7 3. Nf3 d6 4. g3 Nf6 5. Nc3 O-O 6. Bg2 c6 7. O-O Qa5 8. Qc2
Bf5 9. e4 Be6 10. b3 Na6 11. Rd1 Rac8 12. h3 Qh5 13. Ng5 c5 14. Bf3 Bg4 15.
hxg4 Nxg4 16. e5 cxd4 17. Rxd4 Qh2+ 18. Kf1 Nxe5 19. Rh4 Qxh4 20. gxh4 h6 21.
Bxb7 Nb4 22. Qe4 d5 23. cxd5 Rxc3 24. Qxb4 Nd3 25. Qa3 hxg5 26. Bxg5 Rc2 27.
Rd1 Nxf2 28. Rd2 Rc7 29. Rxf2 Rxb7 30. Bxe7 Rc8 31. d6 Bd4 32. Rd2 Bc5 33. Qa6
Rcb8 34. Qc6 Bb6 35. d7 Rc7 36. d8=Q+ Rxd8 37. Rxd8+ Kh7 38. Qf6 Rc1+ 39. Ke2
Rc2+ 40. Kd3 1-0

[Event "132nd YMCA Autumn D-bis"]
[Site "Warszawa"]
[Date "2013.10.28"]
[Round "7"]
[White "Golecka, Jadwiga"]
[Black "Borowski, Marek"]
[Result "0-1"]
[WhiteElo "1088"]
[BlackElo "1529"]
[PlyCount "92"]
[EventDate "2013.09.16"]
[EventType "tourn"]
[EventRounds "2"]
[EventCountry "POL"]
[SourceDate "2013.09.16"]

1. e4 e6 2. d4 d5 3. e5 c5 4. c3 Nc6 5. Bb5 Bd7 6. Bxc6 Bxc6 7. Nh3 Qc7 8. O-O
O-O-O 9. Be3 c4 10. b3 Ne7 11. bxc4 dxc4 12. Bg5 h6 13. Bxe7 Bxe7 14. Nd2 b5
15. f4 g5 16. f5 g4 17. Nf2 exf5 18. Qc2 Qd7 19. Nd1 Bg5 20. Nb1 Be4 21. Qb2
Kc7 22. Qb4 Qc6 23. Rf2 a6 24. Nd2 Bc2 25. Nb2 Be3 26. Raf1 f4 27. Qe7+ Rd7 28.
Qh4 h5 29. Kh1 Bxf2 30. Rxf2 Qh6 31. Nf1 Be4 32. Re2 Bd5 33. a4 f3 34. gxf3
Bxf3+ 35. Rg2 Qc1 36. Qf2 Qxc3 37. Kg1 Bxg2 38. Qxg2 Qxd4+ 39. Kh1 c3 40. e6
fxe6 41. Qg3+ e5 42. Nd1 Rf8 43. Nfe3 c2 44. Nxc2 Qxd1+ 45. Qg1 Rf1 46. Kg2
Qf3# 0-1

[Event "132nd YMCA Autumn D-bis"]
[Site "Warszawa"]
[Date "2013.10.14"]
[Round "8"]
[White "Jankowski, Maciej"]
[Black "Borowski, Marek"]
[Result "1/2-1/2"]
[WhiteElo "1393"]
[BlackElo "1529"]
[PlyCount "131"]
[EventDate "2013.09.16"]
[EventType "tourn"]
[EventRounds "2"]
[EventCountry "POL"]
[SourceDate "2013.09.16"]

1. d4 d5 2. c4 c6 3. cxd5 cxd5 4. Nf3 Nc6 5. e3 Bg4 6. Be2 Nf6 7. Nc3 e6 8. O-O
Be7 9. h3 Bh5 10. Ne5 Bxe2 11. Qxe2 Rc8 12. Qb5 Qc7 13. Bd2 a6 14. Qa4 O-O 15.
Nxc6 Qxc6 16. Qb3 b5 17. Rac1 Qc4 18. Qd1 Qd3 19. Nb1 b4 20. Qa4 Qb5 21. Qxb5
axb5 22. Rfd1 Ra8 23. a3 bxa3 24. Nxa3 Bxa3 25. bxa3 Ne4 26. Bb4 Rfc8 27. f3
Nf6 28. Rc5 Rxc5 29. dxc5 Rc8 30. Rc1 Rc6 31. Kf2 Nd7 32. Ke2 Ne5 33. f4 Nc4
34. Kd3 Kf8 35. Kd4 Ke7 36. g4 Kd7 37. h4 g6 38. g5 Ra6 39. Rc3 Ra8 40. Rd3 Kc6
41. e4 Rd8 42. e5 Rh8 43. h5 h6 44. hxg6 fxg6 45. gxh6 Rxh6 46. Rf3 Rh4 47. Kc3
Rg4 48. Rf2 Rg3+ 49. Kd4 Nxa3 50. Ra2 Nc4 51. Ra6+ Kd7 52. c6+ Kc7 53. Kc5 g5
54. fxg5 Rxg5 55. Ra7+ Kc8 56. Bc3 Kb8 57. Rb7+ Kc8 58. Kxb5 Nxe5 59. Kb6 Nc4+
60. Ka7 Rg2 61. Ka6 Ra2+ 62. Kb5 Rc2 63. Kb4 Rc1 64. Re7 e5 65. Bxe5 Nxe5 66.
Rxe5 1/2-1/2

[Event "132nd YMCA Autumn D-bis"]
[Site "Warszawa"]
[Date "2013.11.13"]
[Round "9"]
[White "Markiewicz, Janusz"]
[Black "Czorniej, Antonina"]
[Result "1-0"]
[WhiteElo "1408"]
[BlackElo "1489"]
[PlyCount "89"]
[EventDate "2013.09.16"]
[EventType "tourn"]
[EventRounds "2"]
[EventCountry "POL"]
[SourceDate "2013.09.16"]

1. e4 c6 2. d4 d5 3. f3 dxe4 4. fxe4 e5 5. Qh5 exd4 6. Bc4 Qe7 7. Ne2 Nf6 8.
Qf3 Bg4 9. Qb3 Bxe2 10. Bxe2 Nxe4 11. O-O Nc5 12. Qf3 Nbd7 13. b4 Ne5 14. Qh3
Ne6 15. Ba3 Qg5 16. Rf5 Qg6 17. Rxe5 Be7 18. Bd3 Nf4 19. Bxg6 Nxh3+ 20. gxh3
hxg6 21. b5 O-O-O 22. Rxe7 Rxh3 23. bxc6 bxc6 24. Rxa7 Rd5 25. Bc1 Rc5 26. Kg2
Rch5 27. Bf4 c5 28. Rxf7 R3h4 29. Bg3 Re4 30. Na3 Re3 31. Rb1 Rhe5 32. Bxe5
Rxe5 33. Rb3 g5 34. Rh3 Re8 35. Rxg7 Re2+ 36. Kf1 Re8 37. Rxg5 Kd7 38. Rxc5 Kd6
39. Ra5 Kc6 40. Rh6+ Kb7 41. Nc4 Rd8 42. Rb6+ Kc8 43. Ra8+ Kc7 44. Rxd8 Kxd8
45. a4 1-0

[Event "132nd YMCA Autumn D-bis"]
[Site "Warszawa"]
[Date "2013.10.11"]
[Round "9"]
[White "Gajewski, Wojciech"]
[Black "Borowski, Marek"]
[Result "0-1"]
[WhiteElo "1482"]
[BlackElo "1529"]
[PlyCount "78"]
[EventDate "2013.09.16"]
[EventType "tourn"]
[EventRounds "2"]
[EventCountry "POL"]
[SourceDate "2013.09.16"]

1. e4 e6 2. d3 d5 3. Nd2 c5 4. Ngf3 Nc6 5. g3 Bd6 6. Bg2 Nf6 7. Qe2 Qc7 8. exd5
Nxd5 9. Nc4 Be7 10. a4 O-O 11. O-O b6 12. Re1 Bb7 13. Ng5 Bxg5 14. Bxg5 Nd4 15.
Qd1 h6 16. c3 hxg5 17. cxd4 cxd4 18. Qh5 Nb4 19. Be4 Bxe4 20. Rxe4 Nxd3 21. b3
Nc5 22. Rae1 Nxe4 23. Rxe4 Qe7 24. h4 f6 25. hxg5 fxg5 26. Ne5 Qf6 27. Qe2 Rad8
28. Ng4 Qf3 29. Rxe6 Qxe2 30. Rxe2 Rfe8 31. Rd2 Re1+ 32. Kg2 Rb1 33. Rd3 Rc1
34. Ne5 Rd5 35. Ng6 Kf7 36. Nh8+ Kf6 37. Rf3+ Rf5 38. Rd3 Rc8 39. g4 Rf4 0-1